| 000 | 00863nam a22001937a 4500 | ||
|---|---|---|---|
| 999 |
_c20524 _d20524 |
||
| 003 | AR-CdUCM | ||
| 008 | 190531b ||||| |||| 00| 0 spa d | ||
| 040 |
_aMUNICIPALIDAD PROVINCIAL DEL CUSCO _cBIBLIOTECA MUNICIPAL DEL CUSCO |
||
| 082 |
_a346 / _bV47 |
||
| 100 |
_aVera Vilchez, Pedro _942909 |
||
| 245 | _aLey y población en el Perú / | ||
| 260 |
_aLima : _bCentro de Estudios de Población y Desarrollo, _c1979. |
||
| 300 |
_a207 páginas ; _c21 cm. |
||
| 505 | _aContenido El país: geografía -- Marco legal -- Leyes de familia -- Regulación de la fecundidad y el aborto -- Los hijos y el bienestar infantil -- Educación -- Bienestar público -- Salud -- Delitos -- Miscelánea: antecedentes legales de la política de población. | ||
| 650 |
_aDerecho civil _97386 |
||
| 650 |
_aPoblación _93673 |
||
| 942 |
_2ddc _cLIBROS |
||
| 945 |
_adavv _d2019-05-31 |
||